[Event "Odorheiu Secuiesc zt"]
[Site "Odorheiu Secuiesc"]
[Date "1995.??.??"]
[Round "1"]
[White "Matlak, Marek"]
[Black "Marin, Mihail"]
[Result "0-1"]
[WhiteElo "2465"]
[BlackElo "2540"]
[Annotator "Marin,M"]
[PlyCount "102"]
[EventDate "1995.03.??"]
[EventType "swiss"]
[EventRounds "9"]
[EventCountry "ROU"]
[SourceTitle "CBM 047"]
[Source "ChessBase"]
[SourceDate "1995.08.01"]
[SourceVersion "1"]
[SourceVersionDate "1995.08.01"]
[SourceQuality "1"]

1. d4 {Baburin Stohl} Nf6 2. Nf3 e6 3. Bg5 h6 4. Bh4 (4. Bxf6 Qxf6 5. e4 d6 6.
Nc3 a6 7. Qd2 Nd7 8. O-O-O Qd8 9. h4 b5 10. Be2 (10. Bd3 {Stohl} Bb7 11. Kb1 c5
12. dxc5 Nxc5 13. Qe3 Qc7 14. Nd4 O-O-O 15. f4 Kb8 16. a3 h5 17. f5 Be7 18.
fxe6 fxe6 19. Be2 Bf6 $36 {Hodgson,J-Miles,A/Kuala Lumpur op/1992/}) 10... c5
11. d5 e5 $15 {Johansson,J-Marin,M Badalona 1993}) 4... d6 (4... c5 $10 {Stohl}
) 5. c3 $5 (5. e3 g5 6. Bg3 Nh5) (5. h3 {Stohl} Be7 6. Nbd2 O-O 7. c3 b6 8. e4
Bb7 9. Bd3 Nh5 10. Bxe7 Qxe7 11. g3 Nd7 12. Qe2 c5 13. O-O cxd4 14. cxd4 e5 15.
Rfc1 exd4 16. Rc7 Rab8 17. Nxd4 Nhf6 18. Ba6 Bxa6 19. Qxa6 Qe5 20. N2f3 Qxe4
21. Re1 Qd5 22. Rxa7 Rfe8 $132 {1/2:1/2,Assmann,T-Franco,Z/Lugano op/1989/}) (
5. Nbd2 {Stohl} g5 6. Bg3 Nh5 7. e3 Bg7 8. Bd3 Nd7 9. c3 Qe7 10. a4 Ndf6 11. a5
Bd7 12. b4 Rc8 13. Qb3 O-O 14. b5 $14 {Teske,H-Varga,Za/HUN-ch op/1990/} e5 15.
dxe5) 5... g5 $6 (5... Nbd7 6. Nbd2 g5 7. Bg3 Nh5 $13) 6. Bg3 Nh5 7. e4 Bg7 8.
Nfd2 $1 (8. Bd3 $142 $13 {Stohl}) 8... Nxg3 9. hxg3 $14 Nc6 10. Na3 O-O 11. Bd3
f5 12. exf5 (12. Qe2 {Stohl} a6 $5 13. Nc2 b5 $132) 12... exf5 13. O-O Kh8 (
13... a6 14. Nc2 d5 15. f4 Qd6 $132 16. fxg5 $6 Qxg3 17. gxh6 Bxh6) 14. Re1 a6
15. Nc2 (15. Nac4 {Stohl /\Ne3=}) 15... d5 16. f4 $1 (16. Nf3 $2 Qd6 17. Qe2
Bd7 18. Ne5 Rae8 19. f4 Nxe5 20. fxe5 (20. dxe5 Qb6+ 21. Nd4 $2 (21. Kh1 $142
Qxb2) 21... c5 22. Nf3 c4+ $19) 20... Qb6 21. Ne3 (21. Rab1 Rxe5 $1) 21... Bxe5
22. dxe5 f4 $17) 16... g4 {()} (16... Qd6 17. fxg5 Qxg3 18. gxh6 Bxh6 19. Qh5
$36) (16... Qf6 17. Nf3 $16) 17. Nb3 Qd6 (17... Ne7 $5 $15 {Stohl /\Ng8}) (
17... h5 $6 {Stohl} 18. Kf2 $1 {/\Rh1}) 18. Qd2 {Baburin: There are two
squares on the e-file, which can become outposts: the e5-square for White and
the e4-square for Black. Black immediately begins to move his Knight towards
that destination.} Ne7 {Baburin: Black intends to play Ne7-g8-f6-e4! The route
is quite interesting. White's problem is that in order to occupy the outpost
on e5 he has to vacate the d3- square to make room for the N. But the Bishop
(d3) is the only defender of e4.} 19. Be2 $6 {/\Nc1-d3-e5} (19. Re2 $6 h5 20.
Kf2 h4 21. Rh1 Ng6 $132) (19. Kf2 $1 Ng8 {(/\Nf6-e4)} (19... h5 20. Rh1) (19...
Ng6 20. Rh1) 20. Ne3 $1 Be6 21. Rh1 $16) 19... Ng8 20. Nc5 Nf6 21. Nd3 Ne4 $15
22. Qe3 h5 23. Ne5 Qh6 {/\h4->} 24. Bd3 Be6 25. Kf1 c5 $1 26. Ke2 (26. dxc5
Bxe5 (26... h4 27. Bxe4 fxe4 28. Kg1 hxg3 29. Qxg3 $16) 27. fxe5 Qxe3 (27... f4
{Stohl} 28. gxf4 Rxf4+ 29. Kg1 $13 {/\Nd4<=>}) 28. Rxe3 Nxg3+ $1 29. Rxg3 f4
30. Kf2 fxg3+ 31. Kxg3 h4+ 32. Kxh4 Rf2 33. Kg3 Rd2 $17) (26. Bxe4 fxe4 27. Ke2
(27. dxc5 $4 Bxe5 $19) 27... cxd4 28. Nxd4 $6 Rae8 {(/\Bxe5, Bd7, ><e5)}) 26...
cxd4 27. cxd4 (27. Nxd4 {Stohl} Rae8 $15) 27... Rac8 28. Rac1 Kg8 (28... Rc7 $5
$36 {Stohl}) 29. Na1 $6 (29. Bxe4 dxe4 $17 {><d4,Ke2}) (29. Red1 $142 {Stohl /
\Be4,d5}) 29... Bxe5 $1 30. fxe5 (30. dxe5 d4 31. Qxd4 Nxg3+ 32. Kf2 Rcd8 (
32... Ne4+ $1 $40 {Stohl}) 33. Qe3 h4 $36) (30. Rxc8 Rxc8 31. dxe5 d4 32. Qxd4
Nxg3+ 33. Kf2 Ne4+ 34. Bxe4 Qxf4+ 35. Ke2 fxe4 $17) 30... Nxg3+ $19 31. Kf2 (
31. Qxg3 Rxc1) 31... Qxe3+ (31... f4 $142 {Stohl} 32. Qd2 h4 $40 {-+}) 32. Kxe3
f4+ 33. Kf2 (33. Kd2 f3) 33... Ne4+ 34. Kg1 (34. Bxe4 Rxc1 35. Bh7+ (35. Rxc1
dxe4) 35... Kxh7 36. Rxc1 g3+ $19) 34... f3 35. gxf3 gxf3 (35... Ng5 $19 {
Matlak}) 36. Kh2 f2 37. Red1 Bg4 $6 (37... Rxc1 38. Rxc1 Rf3 39. Bf1 Re3 40.
Kg2 Re1 41. Nb3 h4 $19) 38. Rxc8 Bxd1 (38... Rxc8 {Stohl} 39. Rf1 Nd2 40. Rxf2
Nf3+ 41. Kg3 Nxd4 $17 {פa1,e5}) 39. Rxf8+ Kxf8 {פa1} 40. Kg2 h4 41. Nb3 (41.
Nc2 $2 {Stohl} h3+ 42. Kxh3 Bxc2 $19) 41... Bxb3 42. axb3 a5 $19 43. Bf1 (43.
Bxe4 {Stohl} dxe4 44. Kxf2 h3 45. Kg3 e3 $19) 43... Ke7 44. Bd3 (44. Kf3 $2 h3
$1 45. Bxh3 Ng5+ 46. Kg3 Nxh3) (44. b4 a4 45. Bd3 Nd2 46. Kxf2 Nc4 47. Kf3 (47.
Bxc4 dxc4 48. Kf3 c3) 47... Nxb2 48. Kg4 a3 49. Bb1 Nd3 50. Kxh4 Nxb4 $19)
44... Kd7 45. Bb5+ Kc7 46. Bf1 (46. Kf3 h3) 46... Kc6 47. Bd3 b5 48. Be2 b4 49.
Bf1 (49. Bd3 {Stohl} Nd2 $19) 49... Nd2 50. Kxf2 Nxb3 51. Ke3 a4 (51... a4 {
Stohl} 52. Bd3 $8 h3 53. Kf3 Nxd4+ 54. Kg3 h2 55. Kxh2 Nf3+ $19) 0-1

[Event "Krynica zt"]
[Site "Krynica"]
[Date "1998.09.08"]
[Round "7"]
[White "Stefanova, Antoaneta"]
[Black "Marin, Mihail"]
[Result "1/2-1/2"]
[WhiteElo "2475"]
[BlackElo "2530"]
[Annotator "Marin,M"]
[PlyCount "77"]
[EventDate "1998.09.02"]
[EventType "swiss"]
[EventRounds "9"]
[EventCountry "POL"]
[SourceTitle "CBM 067"]
[Source "ChessBase"]
[SourceDate "1998.11.30"]
[SourceVersion "2"]
[SourceVersionDate "1998.11.01"]
[SourceQuality "1"]

1. d4 Nf6 2. Nf3 e6 3. Bg5 h6 4. Bh4 d6 5. h3 Nbd7 6. Nbd2 Be7 7. e3 b6 8. Bd3
Bb7 9. Qe2 c5 (9... Nd5 10. Bxe7 Qxe7 11. c3 c5) 10. c3 cxd4 11. cxd4 Nd5 (
11... O-O 12. a3) 12. Ne4 N7f6 13. Bb5+ Kf8 14. Nxf6 (14. Bxf6 gxf6 $5) 14...
Nxf6 15. O-O (15. Bxf6 Bxf6 16. e4 g6) 15... Ne4 (15... g5 16. Bg3 Ne4 17. Nd2)
16. Bxe7+ Kxe7 17. Rac1 Rc8 18. Qd3 Rc7 19. Qa3 (19. d5 Bxd5 20. Nd4 Bb7) 19...
Qb8 (19... Qc8 $142 20. Rxc7+ (20. b3 Nc3 21. Bc4 Rxc4 22. bxc4 Ne2+ $15) 20...
Qxc7 21. Ne5 a6 $15 22. Bd3 b5 {<->c}) 20. Ne5 Rhc8 21. Rxc7+ Qxc7 (21... Rxc7
22. Nc4) 22. Nd3 a5 23. Ne5 (23. Rc1 $2 Qxc1+ 24. Nxc1 Rxc1+ 25. Kh2 Nxf2 $15)
23... f6 $6 (23... Qc2 24. Bd3 Qd2 25. Nc4 Rxc4 26. Bxc4 Ng3 27. Qb3 (27. Ra1
Ne4 28. Rf1 $11) 27... Nxf1 28. Qxb6 Bxg2 (28... Nxe3 29. Qxb7+ Kf6 30. fxe3
Qxe3+ 31. Kh2 Qf4+ 32. g3 Qf2+ 33. Qg2) 29. Bxf1 (29. Kxg2 Nxe3+) 29... Bxf1 (
29... Bd5 $11) 30. Kxf1 $11) 24. Ng6+ Kf7 25. Nf4 g5 26. Ne2 d5 27. Bd3 Qd6 28.
Qa4 Nd2 29. Rc1 Rxc1+ (29... Nc4 30. Bxc4 dxc4 31. f3 $13) 30. Nxc1 Ne4 31. Qd1
Kg7 32. a3 Qc7 33. Na2 Nd6 34. Nc3 Bc6 35. Qe2 Be8 36. Qg4 Qe7 37. Qe2 Qc7 38.
Qg4 Qe7 39. Qe2 1/2-1/2

[Event "Andorra op 13th"]
[Site "Andorra"]
[Date "1995.??.??"]
[Round "7"]
[White "Miles, Anthony John"]
[Black "Marin, Mihail"]
[Result "1/2-1/2"]
[WhiteElo "2615"]
[BlackElo "2540"]
[Annotator "Marin,M"]
[PlyCount "43"]
[EventDate "1995.06.??"]
[EventType "swiss"]
[EventRounds "9"]
[EventCountry "AND"]
[SourceTitle "CBM 048"]
[Source "ChessBase"]
[SourceDate "1995.10.01"]
[SourceVersion "1"]
[SourceVersionDate "1995.10.01"]
[SourceQuality "1"]

1. d4 Nf6 2. Nf3 e6 3. Bg5 h6 4. Bh4 d6 5. c3 Nbd7 (5... Nc6 $5 6. Nbd2 g5 7.
Bg3 Nh5 8. e4 Bg7 9. Bd3 O-O {/\ Bd7, a5, Qe7}) 6. Nbd2 g5 7. Bg3 Nh5 8. e4 Bg7
9. Bd3 O-O 10. Qb3 Kh8 $2 (10... a6 11. O-O-O (11. a4 $5) 11... b5 $13) 11.
O-O-O $1 a6 $6 (11... f5 $2 12. h4 g4 13. Ng5 $1 hxg5 14. hxg5 Qxg5 15. exf5
exf5 16. Rh2 $16 Ndf6 17. Bh4 Qg6 18. Bxf6 Rxf6 19. Rdh1) (11... Kg8) 12. Bb1
$1 g4 $5 (12... b5 $2 13. e5 $1 {/\Qc2 +-}) (12... e5 13. dxe5 dxe5 14. Qd5 $16
) 13. Bh4 $1 (13. Nh4 Qg5 $13) 13... Qe8 (13... Bf6 $2 14. e5 Bxh4 15. Qc2 f5
16. exf6 Nhxf6 17. Nxh4 $18) 14. Ng1 e5 15. h3 $1 (15. Ne2 c5 $1 $132) 15... g3
$5 (15... gxh3 16. Nxh3) (15... exd4 16. cxd4 Bxd4 17. hxg4 $16) 16. Ne2 (16.
fxg3 exd4 $13) 16... c5 (16... gxf2 17. g4 Nf4 18. Nxf4 exf4 19. Nf3 $16) 17.
Nc4 (17. dxc5 $2 Nxc5 18. Qc2 f5 $36) (17. dxe5 Nxe5 18. Nxg3 Be6 19. Qc2 Nf4
$40) (17. Qd5 $5) 17... exd4 18. cxd4 $2 $13 (18. Nxd6 $1 Qe6 (18... Qe5 19.
Nxf7+ Rxf7 20. Qxf7 $16) 19. Qxe6 fxe6 20. Nxg3 $16 Nf4 21. Be7 dxc3 $2 22.
Nxc8 Rfxc8 23. Rxd7) 18... cxd4 19. Qf3 (19. Nxd6 Qe5 $1 20. Nxf7+ Rxf7 21.
Qxf7 d3 22. Nc3 Nc5 $1 {/\Be6, Nf4 ->}) 19... f5 $3 20. Nxd4 $2 (20. exf5 Ne5
21. Nxe5 Qxe5 22. Qxh5 Bxf5 23. Bxf5 Rxf5 24. Qg4 Rc8+ 25. Kb1 d3 26. Nc3 Rxc3
$19 27. Rhe1 Rc1+ 28. Kxc1 Qxb2#) (20. Nxd6 $1 fxe4 21. Qxe4 Qxe4 22. Nxe4 Ne5
23. N2xg3 Nf4 $44) 20... fxe4 $17 21. Qe3 (21. Qxe4 Qxe4 22. Bxe4 Rf4 $19)
21... d5 22. Nd6 (22. Nd6 Qe5 23. Bxg3 Nf4 24. Nxc8 Raxc8+ 25. Bc2 Nb8 {
/\Nc6 -/+}) 1/2-1/2

[Event "Hockenheim"]
[Site "Hockenheim"]
[Date "2006.05.08"]
[Round "7"]
[White "Romanishin, Oleg M"]
[Black "Meier, Georg"]
[Result "1-0"]
[WhiteElo "2552"]
[BlackElo "2407"]
[Annotator "Marin,M"]
[PlyCount "77"]
[EventDate "2006.05.01"]
[EventType "tourn"]
[EventRounds "9"]
[EventCountry "GER"]
[EventCategory "10"]
[SourceTitle "CBM 113"]
[Source "ChessBase"]
[SourceDate "2006.07.31"]
[SourceVersion "1"]
[SourceVersionDate "2006.07.31"]
[SourceQuality "1"]

1. d4 Nf6 2. Nf3 e6 3. g3 b5 4. Bg2 Bb7 {This variation is supposed to offer
Black a solid position. By preventing the further occupation of the centre by
means of c2-c4, Black aims to reduce White's dynamic potential, characteristic
for the Catalan Opening and the fianchetto system of the Queen's Indian.
However, such an ambitious approach is not without drawbacks. The daring
b5-pawn is undefended and will most likely cause Black a loss of time after an
eventual attack with Qd3 or Nc3. This could eventually lead to an advance in
development for White, offering him tactical resources based on piece activity
alone (and not on a strong centre combined with the powerfull g2-bishop, as
this often happens in the aforementioned openings). Such resources are usually
well-hidden in what could seem to be a boring position and require such an
imaginative player and true artist like Romanishin to be unearthed.} 5. Bg5 ({
Romanischin is responsible for bringing fresh life in the line} 5. O-O c5 6.
Na3 Qb6 {by the unexpected pawn sacrifice} 7. dxc5 Bxc5 8. b4 {when after} Bxb4
9. Rb1 Nc6 10. c3 Bxa3 11. Bxa3 Na5 {White certainly has compensation for the
sacrificed pawn, by preventing the enemy king from castling, but possibly not
more than that.} 12. Bb4 (12. Ne5 Bxg2 13. Kxg2 Rc8 14. Qd4 $1 Qxd4 (14... Nc6
$2 15. Qd6 $16 {Romanishin,O (2555)-Stangl,M (2475)/Altensteig 1992/CBM 031/
[Dautov]}) 15. cxd4 a6 16. Rfc1 Nc6 {Schüssler}) 12... Nc4 13. Nd2 Bxg2 14.
Nxc4 bxc4 15. Kxg2 Nd5 16. e4 Nxb4 17. Rxb4 Qc6 18. Qd4 {1/2-1/2 Romanishin,O 
(2543)-Aleksandrov,A (2659)/Calcutta 2004/CBM 103 ext}) 5... c5 {This move
makes part of Black's general plan, but it does not contribute directly to the
development of the king side, which leaves the king in a slightly dangerous
situation.} 6. O-O {Black is at crossroads now. Should he continue with the
development of his king side, or consolidate his spatial advantage on the
other wing?} Na6 {Generally, speaking, the most desirable move. Before moving
with his king's bishop, Black overdefends the c5-pawn, in order to avoid a
loss of time in case of dxc5.} (6... Be7 {offers White chances for maintaining
the initiative after} 7. dxc5 Bxc5 8. Nc3 a6 9. e4 {for instance} h6 10. Bxf6
gxf6 (10... Qxf6 11. e5) 11. e5 (11. Ne1 $5 {/\Nd3 Mikhalchishin}) 11... f5 12.
Ne2 {[%csl Yf4]} Nc6 13. Nf4 h5 14. h4 Qc7 15. Qe2 O-O-O 16. b4 $1 (16. c3 Rdg8
17. Kh2 d6 18. Nd3 Nxe5 19. Nfxe5 Bxg2 20. Kxg2 dxe5 21. a4 Bd6 22. axb5 axb5
23. Rfd1 Qb7+ 24. Kh2 e4 25. Nb4 {1/2-1/2 Romanishin,O (2560)-Miles,A (2560)/
Riga 1979/IZT}) 16... Nd4 (16... Nxb4 17. c4 $36) 17. Nxd4 Bxd4 18. Bxb7+ Kxb7
19. c3 $1 Bxe5 20. Nd3 Bd6 21. a4 $40 {Mikhalchishin}) ({Another way of
consolidating the queen side consists of} 6... Qb6 {but this move looks quite
risky. Developing the queen at a stage when several other pieces find
themselves on their initial squares means just exposing both Their Majesties 
(Q + K). Besides, the relative weakness of the f6-square could tell. There is
little wonder that White disposes over several tactical resources:} 7. Bxf6 ({
One of the last tournament games played by the Wizard from Riga continued with
} 7. a4 a6 8. Nc3 Ne4 {Black obviously dislikes the exchange on f6, but this
knight jump allows White increase his advance in development.} 9. Nxe4 Bxe4 10.
axb5 Qxb5 11. Qd2 f6 12. Bf4 Qb7 13. c4 cxd4 14. Qxd4 e5 15. Bxe5 fxe5 16.
Qxe5+ Be7 17. Nd4 Bxg2 18. Nf5 Qb4 19. Kxg2 Nc6 20. Qxg7 O-O-O 21. Rxa6 Qb7 22.
Rfa1 Nb4+ 23. Kg1 Nxa6 24. Qxe7 $18 {Tal,M (2525)-Lautier,J (2580)/Barcelona
1992/CBM 030}) 7... gxf6 8. Nc3 cxd4 9. Nxd4 Bxg2 10. Kxg2 {White's advantage
of development is significant, but the compact mass of central pawns is
supposed to keep the black king out of trouble. For the time being, the
critical issue is to defend the b5-pawn in optimal way.} a6 (10... b4 $6 {
allows White open the queen side after} 11. Na4 Qa6 12. c3 Nc6 13. Rc1 Be7 14.
Nxc6 Qxc6+ 15. Kg1 {when the relative weakness of the d7-pawn and the exposed
position of the queen make themselves felt by preventing the king from
catsling soon.} b3 $6 {Black intends to leave the enemy knight out of play for
a while in order to launch an attack against the opposite wing, but WHite's
solid structure allows him to beat off this premature action.} 16. Qxb3 h5 17.
c4 h4 18. Qf3 $1 hxg3 19. hxg3 Qxf3 20. exf3 $16 {Miles,A (2565)-Gallagher,J 
(2295)/Brighton 1984/EXT 99}) 11. e4 Be7 $6 ({"Develop knights and only then
the bishops" is an axioma left by our forefathers and that is still valid in
certain situations.} 11... Nc6 {would have questioned White's stability in the
centre and allowed Black retain a defensible position. In fact, this might be
a critical position for the line starting with 6...Qb6}) 12. a4 b4 13. Nd5 $1 {
Played in the best spyrit of the Sicilian Rauzer.} exd5 14. exd5 {Let us try
to understand what are the achievements that justify White's sacrifice. First
of all, the enemy knight (and, subsequently, the queen's rook) are cut off
play for a couple of moves. Secondly, after the elimination of the e-pawn, the
compact central structure has been completely ruined, offering White stability
on light squares and targets for attack. Finally, the opening of the e-file
makes the king feel rather uncomfortable.} Bc5 15. Nf5 Kd8 16. Qh5 $40 {
Dorfman,J (2510)-Salov,V/Ivano Frankovsk 1982/EXT 99}) (6... cxd4 {is a rather
simplistic continuation, allowing White retain a small plus by simple means.}
7. Nxd4 Bxg2 8. Kxg2 a6 (8... Qb6 9. Bxf6 gxf6 10. Nc3 {transposes to 6...Qb6})
9. Qd3 d6 10. a4 b4 11. c3 bxc3 ({The attempt to win time for the development
by means of} 11... d5 {fails to} 12. Rc1 {. White is not at all forced to
capture on b4 yet.}) 12. Nxc3 Be7 13. b4 $14 {1/2-1/2 Rausis,I (2560)-Baburin,
A (2550)/Skei 1993/CBM 036.  White's decision to agree to a draw looks
slightly premature. His queen side majority ensures him the better chances.})
7. e4 $3 $146 {Quite strangely, this move has never been seen in tournament
practice before. Even such an artist like Mikhail Tal failed to find it when
he reached this position. White temporarily sacrifices a pawn in order to open
the e-file and win time for his development.} ({Tal's game continued with} 7.
Nbd2 Be7 8. e3 O-O 9. Qe2 {and Black had no special problems to maintain
equality:} cxd4 10. Nxd4 Bxg2 11. Kxg2 Nc7 12. f4 h6 13. Bh4 d6 14. Kg1 e5 15.
Nxb5 Nxb5 16. Qxb5 Rb8 17. Qd3 Rxb2 18. Nb3 Qc8 19. c4 Qa6 20. Rfd1 Rxa2 21.
Rxa2 Qxa2 {1/2-1/2 Tal,M (2620)-Polugaevsky,L (2615)/Soviet Union 1984/EXT 2000
}) 7... Bxe4 8. Nc3 Bb7 {Black has to return the pawn.} ({In case of} 8... Bc6
{White would obtain powerful attack with} 9. d5 exd5 (9... Bb7 10. Ne5 {
[%csl Gb7][%cal Yd5e6,Ye6f7]} Qc8 11. Nxb5 Bxd5 12. Bxd5 Nxd5 13. Qf3 f6 14.
Qh5+ $40) 10. Re1+ Be7 11. Bxf6 gxf6 12. Nxd5 Bxd5 13. Qxd5 $40 {. The black
king cannot find a safe place already.}) 9. Nxb5 Qb6 $6 {This can be
considered a questionable decision already. Black's desire to overdefend the
d6-square is quite understandable but the queen will be rather exposed on b6,
although this is not easy to foresee.} ({True, the intended consolidation of
the centre with} 9... d5 {leaves White with strong initiative very much in the
spirit of the Catalan opening after} 10. c4 $36) ({but Black could have solved
the problem of the d6-square by offering the exchange of the white active
knight with} 9... Nc7 {although White seems to retain the more pleasant
position, for instance} 10. Nxc7+ Qxc7 11. c4 Be7 (11... cxd4 12. Bxf6 gxf6 13.
Qxd4 $14) 12. d5 O-O 13. Re1 $14) ({In fact, even the simple} 9... Be7 $14 {
would have been preferable, when the early occupation of the d6-square does
not seem to offer White anything concrete yet.}) 10. c4 Be7 $6 {A further
concession, allowing White to consolidate his advantage in the centre.} ({
After the forced} 10... cxd4 {Black would have retained a defensible position.
White's best chance for an advantage would be} 11. Qxd4 Qxd4 12. Nfxd4 Bxg2 13.
Kxg2 $14 {[%csl Ga6,Ga7][%cal Ya2a3,Yb2b4] followed by the systematical
advance of t¡the queen side majority.}) 11. d5 $16 {[%csl Gb7]} O-O 12. Ne5 {
[%csl Yd7,Ye7][%cal Ge5d7]} Nb8 {Black probably hoped that he would be able to
expell the enemy knights one by one. However, White's activity ensures him
what we could call dynamic stability of his knights. The following sequence of
moves is highly instructive.} (12... Rfd8 $5) 13. a4 $1 a5 (13... a6 14. a5 Qd8
15. d6 Bxg2 16. Kxg2 axb5 17. dxe7 Qxe7 18. cxb5 $16 {[%csl Ga5,Gb5]}) 14. b4
$3 {A perfect illustration of Nimzowitsch' theory about the natural tendency
of the unblocked pawns to advance even at the cost of their lives.} d6 (14...
cxb4 15. d6 Bd8 16. c5 Qa6 17. Nc7 Bxc7 18. dxc7 Nc6 19. Bxf6 gxf6 20. Nxd7 $16
) (14... axb4 15. a5 Rxa5 16. Rxa5 Qxa5 17. d6 Bxg2 18. dxe7 $18) 15. bxa5 Rxa5
16. Bd2 Rxb5 (16... Ra8 17. a5 Qd8 (17... Qa6 18. Nc7 $18) 18. Nxf7 $1 Rxf7 19.
dxe6 $18) 17. axb5 dxe5 18. d6 Bd8 19. Ba5 Qxa5 20. Rxa5 Bxg2 21. Kxg2 Bxa5 22.
Qa1 Bd8 23. Qxe5 $18 {The tactical sequence is over now and White retains
material and positional advantage. the rest is relatively simple.} Nfd7 24. Qe4
Bf6 25. Qb7 g6 26. Rc1 Bd4 27. Rc2 Ne5 28. h3 g5 29. Kf1 Re8 30. Qc7 Kf8 31.
Ra2 Ned7 32. Ra8 e5 33. Rxb8 Nxb8 34. d7 Nxd7 35. Qxd7 Ra8 36. b6 Ra1+ 37. Ke2
e4 38. b7 Ra2+ 39. Kd1 1-0